000 00664nam a2200193Ia 4500
008 151121s9999||||xx |||||||||||||| ||und||
082 _a813/खांडधे
082 _bHNW-64898
100 _aखांडगे भास्कर
245 _aअस्वस्थ सूर्योदय
260 _b"मेघदूत प्रकाशन, पुणे।"
260 _c--
300 _a179
600 _aखांडगे भास्कर
630 _aअस्वस्थ सूर्योदय
700 _aखांडगे भास्कर
730 _aअस्वस्थ सूर्योदय
942 _cBOOK
999 _c1246422
_d1246419